00000000nas 2200000zi 4500
0019.941851
003CaOODSP
00520241127112631
006m     o  d f      
007cr |||||||||||
008240814d19801987onc x m o    f0###a0eng|d
040 |aCaOODSP|beng|erda|cCaOODSP
043 |an-cn---
0861 |aEn57-64E-PDF
1300 |aReport (Canada. Air Quality and Inter-Environmental Research Branch)
24510|aReport / |cAir Quality and Inter-Environmental Research Branch.
2463 |aAQRB report
264 1|aDownsview, Ontario : |bAir Quality and Inter-Environmental Research Branch, Atmospheric Environment Service
310 |aIrregular
336 |atext|btxt|2rdacontent
337 |acomputer|bc|2rdamedia
338 |aonline resource|bcr|2rdacarrier
500 |aDigitized edition from print [produced by Environment and Climate Change Canada].
588 |aDescription based on: AQRB-80-010-L (June 1980).
588 |aLatest issue consulted: AQRB-87-M-001 (February 1987).
650 0|aAir quality|xResearch|zCanada.
7101 |aCanada. |bAir Quality and Inter-Environmental Research Branch, |eissuing body.
7101 |aCanada. |bAtmospheric Environment Service, |eissuing body.